Stolice krajów Bałkańskich. - Statystyki

Ogólne statystyki
  • Ten quiz został rozwiązany 530 razy
  • Średni wynik to 8 z 9
Statystyki odpowiedzi
Kraj Stolica % Poprawnych
Grecja Ateny
96%
Bułgaria Sofia
96%
Chorwacja Zagrzeb
94%
Bośnia i Hercegowina Sarajewo
91%
Albania Tirana
87%
Serbia Belgrad
85%
Kosowo Prisztina
78%
Macedonia Północna Skopje
77%
Czarnogóra Podgorica
75%
Nie znaleziono quizów pasujących do podanych kryteriów
Rozkład punktacji
Procent ludzi z każdym wynikiem
Percentyl według liczby udzielonych odpowiedzi
Twoja historia wyników
Nie rozwiązałeś tego quizu